[Event "CZE-chT 2122"]
[Site "Czech Republic"]
[Date "2022.02.13"]
[Round "10.3"]
[White "Laznicka, Viktor"]
[Black "Heberla, Bartlomiej"]
[Result "1/2-1/2"]
[WhiteElo "2647"]
[BlackElo "2558"]
[PlyCount "75"]
[EventDate "2021.10.15"]
[EventType "team-tourn"]
[EventRounds "15"]
[EventCountry "CZE"]
[SourceTitle "EXT 2023"]
[Source "ChessBase"]
[SourceDate "2022.10.05"]
[SourceVersion "1"]
[SourceVersionDate "2022.10.05"]
[SourceQuality "1"]
[WhiteTeam "Pardubice"]
[BlackTeam "Brno Moravska Slavia"]
[WhiteTeamCountry "CZE"]
[BlackTeamCountry "CZE"]

1. d4 d5 2. Nf3 e6 3. Bg5 Be7 4. Bxe7 Qxe7 5. Nbd2 Nf6 6. c4 0-0 7. Rc1 c5 8. dxc5 Qxc5 9. e3 Nc6 10. cxd5 Qxd5 11. Bc4 Qa5 12. 0-0 Rd8 13. Qe2 Bd7 14. a3 Ne5 15. Nxe5 Qxe5 16. Nf3 Qa5 17. h3 Rac8 18. Rfd1 Rc7 19. Ba2 Rxc1 20. Rxc1 Bb5 21. Qc2 Bc6 22. Nd4 Bd5 23. Bxd5 Qxd5 24. b4 h6 25. Qc7 a6 26. Rc5 Qd7 27. Qxd7 Rxd7 28. Rc8+ Kh7 29. Kf1 Ne4 30. Ke2 Nd6 31. Rc2 Kg6 32. Nb3 Kf6 33. Nc5 Rd8 34. a4 Ke7 35. a5 Rc8 36. Rd2 Rc6 37. Kd3 b6 38. axb6 1/2-1/2

[Event "CZE-chT1W 2122"]
[Site "Czech Republic"]
[Date "2022.01.09"]
[Round "6.4"]
[White "Vykouk, Jan"]
[Black "Laznicka, Viktor"]
[Result "1/2-1/2"]
[WhiteElo "2462"]
[BlackElo "2647"]
[PlyCount "90"]
[EventDate "2021.10.10"]
[EventType "team-tourn"]
[EventRounds "11"]
[EventCountry "CZE"]
[SourceTitle "EXT 2023"]
[Source "ChessBase"]
[SourceDate "2022.10.05"]
[SourceVersion "1"]
[SourceVersionDate "2022.10.05"]
[SourceQuality "1"]
[WhiteTeam "Neratovice"]
[BlackTeam "Polabiny II"]
[WhiteTeamCountry "CZE"]
[BlackTeamCountry "CZE"]

1. e4 c6 2. Nc3 d5 3. Nf3 Bg4 4. h3 Bxf3 5. Qxf3 e6 6. d4 Nf6 7. Bd3 dxe4 8. Nxe4 Nxe4 9. Qxe4 Nd7 10. c3 Nf6 11. Qe2 Be7 12. 0-0 0-0 13. Be3 Nd5 14. Bd2 b5 15. a4 a6 16. b3 b4 17. c4 Nc3 18. Bxc3 bxc3 19. Rfd1 g6 20. Be4 Rb8 21. Rab1 Qc8 22. Qe3 Bb4 23. c5 Rd8 24. h4 Qc7 25. h5 Qe7 26. Rbc1 Rbc8 27. Bd3 a5 28. g3 Rc7 29. Kg2 Rcd7 30. hxg6 hxg6 31. Be4 e5 32. Rh1 exd4 33. Qd3 Qg5 34. f4 Qf6 35. Rh6 Qg7 36. Rch1 c2 37. Qxc2 d3 38. Qc4 Rd4 39. Rh8+ Qxh8 40. Rxh8+ Kxh8 41. Qxf7 Rxe4 42. Qf6+ Kh7 43. Qxd8 d2 44. Qd7+ Kg8 45. Kf3 Re1 1/2-1/2

[Event "CRO-chT1A 29th"]
[Site "Mali Losinj"]
[Date "2021.10.01"]
[Round "7.1"]
[White "Postny, Evgeny"]
[Black "Laznicka, Viktor"]
[Result "1/2-1/2"]
[WhiteElo "2564"]
[BlackElo "2647"]
[PlyCount "43"]
[EventDate "2021.09.25"]
[EventType "team-tourn"]
[EventRounds "9"]
[EventCountry "CRO"]
[SourceTitle "CBM 204 Extra"]
[Source "ChessBase"]
[SourceDate "2021.11.30"]
[SourceVersion "1"]
[SourceVersionDate "2021.11.30"]
[SourceQuality "1"]
[WhiteTeam "Sesvete Agroproteinka"]
[BlackTeam "Zagreb Zagreb"]
[WhiteTeamCountry "CRO"]
[BlackTeamCountry "CRO"]

1. d4 f5 2. c4 Nf6 3. g3 g6 4. Bg2 Bg7 5. Nf3 0-0 6. 0-0 d6 7. Nc3 c6 8. b3 Na6 9. Bb2 Qc7 10. d5 e5 11. dxe6 Bxe6 12. Ng5 Bd7 13. Qc2 Rad8 14. Rad1 Bc8 15. e3 Qe7 16. Rfe1 Ng4 17. Nf3 Nc5 18. h3 Nf6 19. Nd4 Nce4 20. Nde2 Rfe8 21. Qc1 Be6 22. Qa1 1/2-1/2

[Event "FIDE World Cup Europe Swiss playoff"]
[Site "Tornelo INT"]
[Date "2021.05.30"]
[Round "6"]
[White "Nguyen, Thai Dai Van"]
[Black "Laznicka, Viktor"]
[Result "1-0"]
[WhiteElo "2577"]
[BlackElo "2647"]
[PlyCount "41"]
[EventDate "2021.05.30"]
[EventType "swiss (rapid)"]
[EventRounds "9"]
[EventCountry "NET"]
[SourceTitle "CBM 202 Extra"]
[Source "ChessBase"]
[SourceDate "2021.07.31"]
[SourceVersion "1"]
[SourceVersionDate "2021.07.31"]
[SourceQuality "1"]

1. e4 b6 2. d4 Bb7 3. Bd3 e6 4. Nf3 c5 5. c3 Nf6 6. Qe2 cxd4 7. cxd4 Nc6 8. a3 Na5 9. Nbd2 Rc8 10. b4 Nc6 11. d5 Ne7 12. 0-0 Ng6 13. Nc4 h5 14. Bg5 Qc7 15. Rac1 Nf4 16. Qd2 Nxd3 17. Qxd3 Nxe4 18. Qxe4 Bxd5 19. Qxd5 exd5 20. Rfe1+ Be7 21. Nd6+ 1-0

[Event "FIDE World Cup Europe Hybrid Qual"]
[Site "Tornelo INT"]
[Date "2021.05.29"]
[Round "3.2"]
[White "Erdos, Viktor"]
[Black "Laznicka, Viktor"]
[Result "1/2-1/2"]
[WhiteElo "2614"]
[BlackElo "2647"]
[PlyCount "57"]
[EventDate "2021.05.24"]
[EventType "k.o."]
[EventRounds "3"]
[EventCountry "NET"]
[SourceTitle "CBM 202 Extra"]
[Source "ChessBase"]
[SourceDate "2021.07.31"]
[SourceVersion "1"]
[SourceVersionDate "2021.07.31"]
[SourceQuality "1"]

1. e4 c5 2. Nf3 d6 3. Bb5+ Nc6 4. 0-0 Bd7 5. Re1 Nf6 6. c3 a6 7. Bf1 Bg4 8. h3 Bxf3 9. Qxf3 g6 10. d3 Bg7 11. Be3 Nd7 12. Qd1 0-0 13. Nd2 b5 14. Nf3 e5 15. Rc1 Re8 16. g3 Rc8 17. Bg2 Qe7 18. Nh2 Nb6 19. h4 h5 20. Qf3 Qf6 21. Qe2 Qe7 22. Qf3 Qf6 23. Qe2 Qe7 24. Rcd1 Nd7 25. Bg5 Bf6 26. Bc1 Bg7 27. Bg5 Bf6 28. Bc1 Bg7 29. Bg5 1/2-1/2

[Event "Pardubice Kraj op-G"]
[Site "Pardubice"]
[Date "2020.09.24"]
[Round "7"]
[White "Golubka, Petr"]
[Black "Laznicka, Viktor"]
[Result "1-0"]
[WhiteElo "2492"]
[BlackElo "2658"]
[PlyCount "71"]
[EventDate "2020.09.23"]
[EventType "swiss (rapid)"]
[EventRounds "9"]
[EventCountry "CZE"]
[SourceTitle "CBM 198 Extra"]
[Source "ChessBase"]
[SourceDate "2020.11.30"]
[SourceVersion "1"]
[SourceVersionDate "2020.11.30"]
[SourceQuality "1"]

1. d4 d5 2. Nf3 Nf6 3. Bf4 Bf5 4. e3 e6 5. Bd3 Bg6 6. 0-0 Nbd7 7. c4 c6 8. Nc3 Be7 9. h3 a6 10. Bxg6 hxg6 11. c5 Nh5 12. Bh2 f5 13. b4 Nhf6 14. a4 Ne4 15. Nxe4 dxe4 16. Ne5 Nxe5 17. Bxe5 Bf6 18. Bd6 g5 19. Qb3 Kf7 20. f3 exf3 21. Rxf3 g6 22. g4 Kg7 23. Qxe6 Re8 24. Qb3 fxg4 25. hxg4 Re4 26. Kf2 Qd7 27. Rf1 Rae8 28. Ke2 Qxg4 29. Kd2 R8e6 30. Qd3 Qh4 31. Bg3 Qg4 32. Be5 Bxe5 33. Rf7+ Kg8 34. dxe5 R4xe5 35. Rf8+ Kh7 36. R1f7+ 1-0

[Event "Pardubice Kraj op-G"]
[Site "Pardubice"]
[Date "2020.09.24"]
[Round "8"]
[White "Laznicka, Viktor"]
[Black "Sorm, Daniel"]
[Result "1-0"]
[WhiteElo "2658"]
[BlackElo "2343"]
[PlyCount "70"]
[EventDate "2020.09.23"]
[EventType "swiss (rapid)"]
[EventRounds "9"]
[EventCountry "CZE"]
[SourceTitle "CBM 198 Extra"]
[Source "ChessBase"]
[SourceDate "2020.11.30"]
[SourceVersion "1"]
[SourceVersionDate "2020.11.30"]
[SourceQuality "1"]

1. d4 d5 2. Nf3 Nf6 3. Bf4 c5 4. e3 Nc6 5. c3 Nh5 6. dxc5 Nxf4 7. exf4 e6 8. b4 Qf6 9. b5 Nb8 10. Qd4 Nd7 11. c6 bxc6 12. bxc6 Nc5 13. Nbd2 Be7 14. Be2 0-0 15. 0-0 Ba6 16. Bxa6 Nxa6 17. c4 Qxd4 18. Nxd4 Bf6 19. N2f3 Rfd8 20. Rac1 Rac8 21. cxd5 Rxd5 22. Rc4 Kf8 23. Rb1 Bxd4 24. Nxd4 Rcd8 25. Rd1 Nc7 26. g3 Ke8 27. Kg2 f6 28. Nxe6 Rxd1 29. Nxc7+ Ke7 30. Nb5 a6 31. Na7 R1d4 32. Rxd4 Rxd4 33. c7 Rc4 34. c8Q Rxc8 35. Nxc8+ Kd7 1-0

[Event "Pardubice Kraj op-G"]
[Site "Pardubice"]
[Date "2020.09.23"]
[Round "2"]
[White "Laznicka, Viktor"]
[Black "Nikanova, Ekaterina"]
[Result "1-0"]
[WhiteElo "2658"]
[BlackElo "1984"]
[PlyCount "53"]
[EventDate "2020.09.23"]
[EventType "swiss (rapid)"]
[EventRounds "9"]
[EventCountry "CZE"]
[SourceTitle "CBM 198 Extra"]
[Source "ChessBase"]
[SourceDate "2020.11.30"]
[SourceVersion "1"]
[SourceVersionDate "2020.11.30"]
[SourceQuality "1"]

1. d4 Nf6 2. Bg5 e6 3. e4 c5 4. Nc3 h6 5. Bxf6 Qxf6 6. d5 d6 7. Bb5+ Bd7 8. Nf3 a6 9. Bxd7+ Nxd7 10. 0-0 Be7 11. Re1 Ne5 12. Nxe5 Qxe5 13. Qg4 0-0 14. f4 Qd4+ 15. Kh1 f5 16. Qh3 exd5 17. Rad1 Qf2 18. Nxd5 Bd8 19. Qb3 Kh8 20. exf5 b5 21. Qd3 c4 22. Qe4 Ba5 23. Re2 Qa7 24. Ne7 Rfe8 25. Ng6+ Kg8 26. Qxe8+ Rxe8 27. Rxe8+ 1-0

[Event "CZE-ch"]
[Site "Plzen"]
[Date "2020.08.25"]
[Round "3"]
[White "Kozusek, Daniel"]
[Black "Laznicka, Viktor"]
[Result "0-1"]
[WhiteElo "2307"]
[BlackElo "2638"]
[PlyCount "100"]
[EventDate "2020.08.23"]
[EventType "swiss"]
[EventRounds "9"]
[EventCountry "CZE"]
[SourceTitle "CBM 198 Extra"]
[Source "ChessBase"]
[SourceDate "2020.11.30"]
[SourceVersion "1"]
[SourceVersionDate "2020.11.30"]
[SourceQuality "1"]

1. d4 Nf6 2. c4 e6 3. g3 Bb4+ 4. Bd2 a5 5. Bg2 d6 6. Nc3 Nbd7 7. a3 Bxc3 8. Bxc3 a4 9. Qc2 0-0 10. e3 c5 11. Ne2 Qc7 12. dxc5 dxc5 13. Bxf6 Nxf6 14. Nc3 Bd7 15. 0-0 Ng4 16. Rfd1 Ne5 17. Qe2 Bc6 18. f4 Bxg2 19. Kxg2 Nc6 20. Nb5 Qe7 21. Rd2 Rfd8 22. Rad1 Rxd2 23. Rxd2 e5 24. Nc3 Qe6 25. Nd5 Rf8 26. Qf3 exf4 27. gxf4 Na5 28. f5 Qe5 29. Nb6 Qf6 30. Nd7 Qg5+ 31. Kh1 Re8 32. Nxc5 Nxc4 33. Rg2 Rxe3 34. Rxg5 Rxf3 35. Nxa4 f6 36. Rg3 Rxf5 37. Rb3 b5 38. Nc3 Nd6 39. Rb4 Kf7 40. b3 Rc5 41. Ne2 g5 42. Kg2 h5 43. a4 bxa4 44. bxa4 Rc2 45. Kf3 g4+ 46. Kf2 f5 47. Rb6 f4 48. Ke1 f3 49. Nd4 Rc1+ 50. Kf2 Ne4+ 0-1

[Event "Pardubice blitz op"]
[Site "Pardubice"]
[Date "2020.08.02"]
[Round "7.2"]
[White "Laznicka, Viktor"]
[Black "Michalik, Peter"]
[Result "0-1"]
[WhiteElo "2638"]
[BlackElo "2585"]
[PlyCount "62"]
[EventDate "2020.08.02"]
[EventType "swiss (blitz)"]
[EventRounds "9"]
[EventCountry "CZE"]
[SourceTitle "CBM 197 Extra"]
[Source "ChessBase"]
[SourceDate "2020.09.30"]
[SourceVersion "1"]
[SourceVersionDate "2020.09.30"]
[SourceQuality "1"]

1. c4 e6 2. Nc3 Nf6 3. Nf3 d5 4. e3 b6 5. cxd5 exd5 6. Bb5+ c6 7. Be2 Bd6 8. 0-0 0-0 9. b3 Bb7 10. Bb2 Nbd7 11. Re1 Re8 12. Bf1 Rc8 13. Ne2 c5 14. d4 c4 15. bxc4 dxc4 16. a4 a6 17. Nc3 Ne4 18. Rb1 Ndf6 19. Ba1 Nxf2 20. Kxf2 Ng4+ 21. Kg1 Bxf3 22. Qxf3 Bxh2+ 23. Kh1 Qh4 24. Qxg4 Qxg4 25. Kxh2 Rc6 26. Kg1 Rh6 27. Be2 Qg5 28. Bf3 Rxe3 29. Nd5 Rxe1+ 30. Rxe1 Rh1+ 31. Kxh1 Qh4+ 0-1

[Event "Pardubice blitz op"]
[Site "Pardubice"]
[Date "2020.08.02"]
[Round "6.1"]
[White "Movsesian, Sergei"]
[Black "Laznicka, Viktor"]
[Result "1-0"]
[WhiteElo "2649"]
[BlackElo "2638"]
[PlyCount "67"]
[EventDate "2020.08.02"]
[EventType "swiss (blitz)"]
[EventRounds "9"]
[EventCountry "CZE"]
[SourceTitle "CBM 197 Extra"]
[Source "ChessBase"]
[SourceDate "2020.09.30"]
[SourceVersion "1"]
[SourceVersionDate "2020.09.30"]
[SourceQuality "1"]

1. e4 d5 2. exd5 Qxd5 3. Nc3 Qa5 4. Bc4 Nf6 5. Nge2 Bf5 6. 0-0 e6 7. Nd4 Bg6 8. Re1 Bd6 9. Qf3 0-0 10. Qxb7 Nbd7 11. Ndb5 Rfb8 12. Qf3 Ne5 13. Qe2 Nxc4 14. Qxc4 Bxc2 15. d3 a6 16. Nd4 Ng4 17. Nxc2 Bxh2+ 18. Kf1 Qf5 19. Ne4 Rd8 20. Ne3 Nxe3+ 21. Bxe3 Be5 22. Rab1 Qh5 23. Ng3 Qh2 24. Bf4 Rd4 25. Qc6 Rad8 26. Bxe5 Rxd3 27. Qxc7 h5 28. Qc2 h4 29. Rbd1 R3d5 30. Rxd5 Rxd5 31. Qc8+ Kh7 32. Qf8 Rxe5 33. Rxe5 hxg3 34. Qxf7 1-0

[Event "Pardubice blitz op"]
[Site "Pardubice"]
[Date "2020.08.02"]
[Round "8.3"]
[White "Nguyen, Thai Dai Van"]
[Black "Laznicka, Viktor"]
[Result "0-1"]
[WhiteElo "2569"]
[BlackElo "2638"]
[PlyCount "140"]
[EventDate "2020.08.02"]
[EventType "swiss (blitz)"]
[EventRounds "9"]
[EventCountry "CZE"]
[SourceTitle "CBM 197 Extra"]
[Source "ChessBase"]
[SourceDate "2020.09.30"]
[SourceVersion "1"]
[SourceVersionDate "2020.09.30"]
[SourceQuality "1"]

1. e4 g6 2. d4 Bg7 3. Nf3 d6 4. Be2 e6 5. c4 Ne7 6. Nc3 h6 7. 0-0 Nd7 8. Be3 a6 9. a4 a5 10. Qd2 g5 11. Ne1 Ng6 12. Nd3 e5 13. dxe5 Ndxe5 14. Nxe5 Bxe5 15. c5 Nf4 16. cxd6 cxd6 17. Bb5+ Kf8 18. Nd5 Nxd5 19. Qxd5 Qe7 20. f4 Be6 21. Qd2 gxf4 22. Bxf4 Bxf4 23. Rxf4 Qc7 24. Rc1 Qb6+ 25. Kh1 Rg8 26. Rf6 Ke7 27. Qxh6 Qd4 28. Rcf1 Qe5 29. Qh4 Qg5 30. Qf2 Rg7 31. Rf3 Rh8 32. Kg1 Qe5 33. Rf4 Qh5 34. g3 Qe5 35. Rc1 Rc8 36. Rxc8 Bxc8 37. Rf3 Be6 38. Qb6 Rg4 39. Qc7+ Kf8 40. Qc3 Rxe4 41. Qxe5 dxe5 42. Kf2 Rb4 43. Rc3 Rxb2+ 44. Kg1 e4 45. h4 Kg7 46. Rc5 Kf6 47. h5 e3 48. Bd3 Rd2 49. Bb5 Bd5 50. h6 Kg6 51. Kf1 Kxh6 52. Be2 b6 53. Rc3 Ra2 54. Rxe3 Rxa4 55. Re5 Rd4 56. g4 Be6 57. g5+ Kg7 58. Kf2 a4 59. Ke3 Rb4 60. Bd3 a3 61. g6 a2 62. gxf7 Bxf7 63. Rg5+ Kf6 64. Rg1 Ra4 65. Ra1 Ke5 66. Bc2 Ra3+ 67. Kd2 Kd4 68. Kc1 Kc3 69. Bf5 Ra5 70. Bg6 Bxg6 0-1

[Event "Pardubice blitz op"]
[Site "Pardubice"]
[Date "2020.08.02"]
[Round "4.1"]
[White "Polak, Tomas"]
[Black "Laznicka, Viktor"]
[Result "0-1"]
[WhiteElo "2563"]
[BlackElo "2638"]
[PlyCount "73"]
[EventDate "2020.08.02"]
[EventType "swiss (blitz)"]
[EventRounds "9"]
[EventCountry "CZE"]
[SourceTitle "CBM 197 Extra"]
[Source "ChessBase"]
[SourceDate "2020.09.30"]
[SourceVersion "1"]
[SourceVersionDate "2020.09.30"]
[SourceQuality "1"]

1. d4 d5 2. c4 c6 3. Nc3 Nf6 4. Nf3 a6 5. a4 e6 6. g3 a5 7. Bg2 Be7 8. 0-0 0-0 9. b3 Na6 10. Bf4 Nb4 11. Qd2 b6 12. Rfd1 Ba6 13. Ne5 Nd7 14. cxd5 cxd5 15. Rac1 Nxe5 16. Bxe5 Qd7 17. Na2 Nc6 18. Bf4 Rfc8 19. Rc2 Ba3 20. Bf1 b5 21. axb5 Bxb5 22. Nc3 Nb4 23. Rcc1 Bxc1 24. Rxc1 Rc6 25. Ra1 Rb6 26. h4 Bc6 27. h5 h6 28. f3 f6 29. Bh3 Qe7 30. Kf2 Be8 31. Na4 Bxa4 32. Rxa4 Rc6 33. Bf1 e5 34. Be3 e4 35. Bf4 Rc2 36. Qd1 Nd3+ 37. Kg1 0-1

[Event "Pardubice blitz op"]
[Site "Pardubice"]
[Date "2020.08.02"]
[Round "2.4"]
[White "Stocek, Jiri"]
[Black "Laznicka, Viktor"]
[Result "0-1"]
[WhiteElo "2595"]
[BlackElo "2638"]
[PlyCount "52"]
[EventDate "2020.08.02"]
[EventType "swiss (blitz)"]
[EventRounds "9"]
[EventCountry "CZE"]
[SourceTitle "CBM 197 Extra"]
[Source "ChessBase"]
[SourceDate "2020.09.30"]
[SourceVersion "1"]
[SourceVersionDate "2020.09.30"]
[SourceQuality "1"]

1. e4 d5 2. exd5 Qxd5 3. Nc3 Qa5 4. d4 Nf6 5. Bd3 Bg4 6. Nge2 e6 7. Bd2 c6 8. h3 Bh5 9. Ne4 Qb6 10. Nxf6+ gxf6 11. 0-0 Nd7 12. c3 Bd6 13. b4 Rg8 14. Bxh7 Rg7 15. Bd3 Bf3 16. g3 Ke7 17. Bh6 Rh8 18. Qd2 Rg5 19. Qe3 Bxe2 20. Bxg5 Bxf1 21. Rxf1 fxg5 22. Qxg5+ Nf6 23. Kg2 Rg8 24. Qh4 Qc7 25. Re1 Bf4 26. Bh7 Bg5 0-1

[Event "Pardubice Challenge2"]
[Site "Pardubice"]
[Date "2020.08.01"]
[Round "4.1"]
[White "Laznicka, Viktor"]
[Black "Nguyen, Thai Dai Van"]
[Result "1/2-1/2"]
[WhiteElo "2638"]
[BlackElo "2569"]
[PlyCount "138"]
[EventDate "2020.07.28"]
[EventType "match"]
[EventRounds "4"]
[EventCountry "CZE"]
[SourceTitle "CBM 197 Extra"]
[Source "ChessBase"]
[SourceDate "2020.09.30"]
[SourceVersion "1"]
[SourceVersionDate "2020.09.30"]
[SourceQuality "1"]

1. d4 d5 2. Bg5 Nf6 3. Bxf6 gxf6 4. e3 c5 5. dxc5 Nc6 6. Nc3 e6 7. Qh5 Qa5 8. 0-0-0 Qxc5 9. Nf3 Bd7 10. Kb1 a6 11. g4 Be7 12. Bg2 0-0-0 13. h3 Qb6 14. Ka1 Be8 15. Qh6 Kb8 16. Rd2 Rc8 17. Rb1 Qa5 18. Qf4+ Ka8 19. Qa4 Qc7 20. Bf1 h5 21. gxh5 Rxh5 22. Qg4 Rh8 23. Nd4 Ne5 24. Qf4 Bd7 25. Nd1 f5 26. Qh2 Bd6 27. f4 Ng4 28. Qe2 Nf6 29. Nf2 Qa5 30. Nb3 Qb6 31. Rd4 Bb5 32. Qd2 Bxf1 33. Rxf1 Rhg8 34. Rc1 Rg2 35. Qe1 Be7 36. Rd2 Rcg8 37. Nd4 Bc5 38. c3 Ka7 39. Qf1 R2g3 40. Re1 Bxd4 41. Rxd4 Ne4 42. Nxe4 fxe4 43. a3 Rh8 44. Qe2 Rgxh3 45. Qd1 Qc5 46. Ka2 Rh2 47. Re2 Rxe2 48. Qxe2 Rh3 49. Qd2 f5 50. a4 Rh7 51. Qg2 Qf8 52. Qg6 Qf7 53. Qg5 Qe7 54. Qg2 Qg7 55. Qd2 Qc7 56. Qg2 Rg7 57. Qh2 Qc8 58. Kb3 Rc7 59. Qh6 Rc4 60. Rxc4 dxc4+ 61. Ka2 Kb6 62. Qf6 Qd7 63. Ka3 Qd6+ 64. b4 a5 65. Qd4+ Qxd4 66. cxd4 c3 67. b5 Kc7 68. Kb3 b6 69. Kxc3 Kd7 1/2-1/2

[Event "Wch Blitz"]
[Site "Moscow"]
[Date "2019.12.29"]
[Round "1"]
[White "Laznicka, Viktor"]
[Black "Artemiev, Vladislav"]
[Result "1/2-1/2"]
[WhiteElo "2648"]
[BlackElo "2731"]
[PlyCount "93"]
[EventDate "2019.12.29"]
[EventType "swiss (blitz)"]
[EventRounds "21"]
[EventCountry "RUS"]
[SourceTitle "CBM 193 Extra"]
[Source "ChessBase"]
[SourceDate "2020.01.31"]
[SourceVersion "1"]
[SourceVersionDate "2020.01.31"]
[SourceQuality "1"]

1. d4 Nf6 2. c4 g6 3. Nf3 Bg7 4. g3 d5 5. cxd5 Nxd5 6. Bg2 Nb6 7. Nc3 Nc6 8. e3 0-0 9. 0-0 Re8 10. Re1 a5 11. Qe2 a4 12. Rd1 Bg4 13. h3 Bd7 14. e4 e5 15. dxe5 Nxe5 16. Nxe5 Bxe5 17. f4 Bxc3 18. bxc3 Qe7 19. Be3 Bc6 20. Rd4 Rad8 21. Rxd8 Rxd8 22. Bd4 Nd7 23. Re1 Re8 24. Qf2 Qe6 25. Re3 Qe7 26. g4 Bb5 27. Re1 c5 28. Be3 Bc6 29. e5 Bxg2 30. Kxg2 Qe6 31. Rd1 b6 32. Rd6 Qe7 33. Qd2 Nf8 34. Qd5 Qa7 35. f5 gxf5 36. gxf5 Qe7 37. Bf4 Qh4 38. Bg3 Qg5 39. Qe4 h5 40. Kh2 Nh7 41. Bf4 Qh4 42. Qe3 Kh8 43. e6 Nf6 44. Be5 Kh7 45. Bxf6 Qxf6 46. Rd7 Re7 47. Rxe7 1/2-1/2